|
|
|
|
| LEADER |
00000naa2a2200000 4500 |
| 001 |
87168 |
| 005 |
20231222152808.0 |
| 035 |
|
|
|a (RuTPU)RU\TPU\book\93590
|
| 090 |
|
|
|a 87168
|
| 100 |
|
|
|a 20051206d2005 k y0rusy50 ca
|
| 101 |
0 |
|
|a rus
|
| 102 |
|
|
|a RU
|
| 200 |
1 |
|
|a Воспитатание самостоятельности студентов
|f Т. В. Тарбокова
|
| 463 |
|
0 |
|0 (RuTPU)RU\TPU\book\89806
|t Воспитание в условиях вузовского социума
|o доклады, выступления научно-методической конференции, Томск 21 марта 2005 г.
|f Воспитание в условиях вузовского социума ; Томский политехнический университет ; под ред. П. С. Чубика, М. В. Ведяшкина
|v С. 100-102
|d 2005
|p 134 с.
|
| 610 |
1 |
|
|a студенты
|
| 610 |
1 |
|
|a воспитание
|
| 610 |
1 |
|
|a самостоятельность
|
| 610 |
1 |
|
|a труды учёных ТПУ
|
| 700 |
|
1 |
|a Тарбокова
|b Т. В.
|c математик
|c доцент Томского политехнического университета, кандидат педагогических наук
|f 1947-
|g Татьяна Васильевна
|3 (RuTPU)RU\TPU\pers\27706
|9 12780
|
| 801 |
|
1 |
|a RU
|b 63413507
|c 20051206
|g PSBO
|
| 801 |
|
2 |
|a RU
|b 63413507
|c 20111205
|g RCR
|
| 942 |
|
|
|c BK
|